[Event "CZE-chT1W 1314"]
[Site "Czech Republic"]
[Date "2014.01.12"]
[Round "5.6"]
[White "Kukel, Imre1111"]
[Black "Duran, Tomas"]
[Result "0-1"]
[WhiteElo "2249"]
[BlackElo "2191"]
[PlyCount "84"]
[EventDate "2013.10.20"]
[EventType "team-tourn"]
[EventRounds "11"]
[EventCountry "CZE"]
[SourceTitle "EXT 2015"]
[Source "ChessBase"]
[SourceDate "2014.11.20"]
[SourceVersion "1"]
[SourceVersionDate "2014.11.20"]
[SourceQuality "1"]
[WhiteTeam "Praha Bohemians"]
[BlackTeam "Turnov Zikuda II"]
[WhiteTeamCountry "CZE"]
[BlackTeamCountry "CZE"]

1. e4 d6 2. d4 Nf6 3. Nc3 e5 4. Nf3 Nbd7 5. g4 g6 6. g5 Nh5 7. Be3 Bg7 8. Qd2 c6 9. 0-0-0 Qe7 10. Kb1 0-0 11. Be2 f6 12. Rhg1 Kh8 13. dxe5 dxe5 14. Rg4 Nc5 15. Rh4 Ne6 16. Rg1 Nef4 17. Bxf4 Nxf4 18. Bf1 Be6 19. Ne2 Rad8 20. Qc1 Qb4 21. Nxf4 exf4 22. Rxf4 f5 23. exf5 Qxf4 24. Qxf4 Rd1+ 25. Qc1 Bxa2+ 26. Kxa2 Rxc1 27. f6 Bxf6 28. gxf6 Rxf6 29. Bd3 Rxg1 30. Nxg1 Rxf2 31. h3 Kg7 32. Ne2 Rf3 33. Nd4 Rxh3 34. Ne6+ Kf6 35. Nd8 Rxd3 36. cxd3 h5 37. Nxb7 h4 38. Nc5 h3 39. Kb3 Ke5 40. Ne4 h2 41. Nf2 Kf4 42. d4 Kf3 0-1

[Event "CZE-chT rap"]
[Site "Pardubice"]
[Date "2013.07.14"]
[Round "6.4"]
[White "Duran, Tomas"]
[Black "Krapivin, Vladislav"]
[Result "1/2-1/2"]
[WhiteElo "2196"]
[BlackElo "2340"]
[PlyCount "93"]
[EventDate "2013.07.11"]
[EventType "team-swiss"]
[EventRounds "7"]
[EventCountry "CZE"]
[SourceTitle "CBM 155 Extra"]
[Source "ChessBase"]
[SourceDate "2013.08.26"]
[SourceVersion "1"]
[SourceVersionDate "2013.08.26"]
[SourceQuality "1"]

1. e4 d6 2. d4 Nf6 3. Nc3 e5 4. Nf3 Nbd7 5. Bc4 Be7 6. 0-0 0-0 7. h3 c6 8. a4 b6 9. Be3 a6 10. Qe2 Bb7 11. Rfd1 b5 12. dxe5 dxe5 13. Bb3 Qc7 14. Nh4 b4 15. Nf5 Nc5 16. Nxe7+ Qxe7 17. Bxc5 Qxc5 18. Na2 Rad8 19. c3 bxc3 20. bxc3 g6 21. Qf3 Kg7 22. Bc2 a5 23. Nc1 Rxd1+ 24. Bxd1 Ba6 25. Nb3 Qb6 26. Qe3 Qxe3 27. fxe3 Nxe4 28. Bf3 Nxc3 29. Bxc6 e4 30. Kf2 Rb8 31. Nxa5 Rb2+ 32. Kg3 f5 33. Ra3 Ne2+ 34. Kh2 Nc1 35. Rc3 Nd3 36. Nc4 Bxc4 37. Rxc4 Ne1 38. Kg1 Nxg2 39. a5 Nh4 40. Ra4 Nf3+ 41. Kf1 Kh6 42. a6 Kg5 43. a7 Rd2 44. a8Q Nh2+ 45. Ke1 Nf3+ 46. Kf1 Nh2+ 47. Ke1 1/2-1/2

[Event "CZE-chT rap"]
[Site "Pardubice"]
[Date "2013.07.13"]
[Round "5.1"]
[White "Duran, Tomas"]
[Black "Shemeakin, Alexander"]
[Result "0-1"]
[WhiteElo "2196"]
[BlackElo "2299"]
[PlyCount "99"]
[EventDate "2013.07.11"]
[EventType "team-swiss"]
[EventRounds "7"]
[EventCountry "CZE"]
[SourceTitle "CBM 155 Extra"]
[Source "ChessBase"]
[SourceDate "2013.08.26"]
[SourceVersion "1"]
[SourceVersionDate "2013.08.26"]
[SourceQuality "1"]

1. e4 e6 2. d4 d5 3. e5 c5 4. c3 Nc6 5. Nf3 Qb6 6. a3 Bd7 7. b4 cxd4 8. cxd4 Rc8 9. Be2 a5 10. b5 Nxd4 11. Nxd4 Rxc1 12. Qxc1 Qxd4 13. Qc3 Bc5 14. 0-0 Qxc3 15. Nxc3 Bd4 16. Rac1 Bxe5 17. Rfe1 Nf6 18. Na4 Ke7 19. Rc2 Bd6 20. Nc5 b6 21. Nxd7 Kxd7 22. Rec1 Bc5 23. Kf1 Kd6 24. a4 g5 25. h3 h5 26. Rd1 g4 27. Rd3 e5 28. Rd1 Rg8 29. Bc4 Rg5 30. hxg4 hxg4 31. Rcd2 Bd4 32. Bd3 Rh5 33. Rc2 Bc5 34. Ke1 e4 35. Bf1 Rh1 36. Ke2 d4 37. Kd2 Nd5 38. Bc4 Rh2 39. Bf1 f5 40. Kc1 Rh1 41. Kb2 Ke5 42. Kb3 Rh2 43. Re1 Nf4 44. f3 gxf3 45. gxf3 Rxc2 46. Kxc2 d3+ 47. Kb3 Kd4 48. fxe4 fxe4 49. Rc1 Nd5 50. Bg2 0-1

[Event "CZE-chT2B 1213"]
[Site "Czech Republic"]
[Date "2013.03.03"]
[Round "10.5"]
[White "Duran, Tomas"]
[Black "Pribyl, Jakub"]
[Result "1-0"]
[WhiteElo "2175"]
[BlackElo "2131"]
[PlyCount "85"]
[EventDate "2012.10.14"]
[EventType "team-tourn"]
[EventRounds "11"]
[EventCountry "CZE"]
[SourceTitle "EXT 2015"]
[Source "ChessBase"]
[SourceDate "2014.11.20"]
[SourceVersion "1"]
[SourceVersionDate "2014.11.20"]
[SourceQuality "1"]
[WhiteTeam "Turnov Zikuda II"]
[BlackTeam "Usti nad Labem"]
[WhiteTeamCountry "CZE"]
[BlackTeamCountry "CZE"]

1. e4 e5 2. f4 Bc5 3. Nc3 d6 4. Nf3 Nc6 5. Na4 Bb6 6. Nxb6 axb6 7. Bb5 Bd7 8. c3 Nge7 9. 0-0 exf4 10. d4 Ng6 11. g3 Qe7 12. gxf4 0-0-0 13. Bd3 Nh4 14. f5 Nxf3+ 15. Qxf3 f6 16. Bd2 Qf7 17. b3 Nb8 18. Bc4 Qe8 19. a4 Bc6 20. Rae1 Qe7 21. Qg4 Bd7 22. Qf3 Bc6 23. Qf4 Be8 24. Be6+ Bd7 25. Bd5 Nc6 26. b4 Kb8 27. Ra1 Na7 28. Be1 c6 29. Bc4 Rhe8 30. Bg3 Nc8 31. Rfe1 g5 32. fxg6 hxg6 33. e5 fxe5 34. dxe5 Bf5 35. exd6 Qd7 36. Re7 g5 37. Qxg5 Nxe7 38. dxe7+ Ka7 39. exd8Q Rxd8 40. a5 b5 41. Qe3+ Ka8 42. Qb6 bxc4 43. a6 1-0

[Event "CZE-chT2B 1213"]
[Site "Czech Republic"]
[Date "2013.02.17"]
[Round "9.6"]
[White "Lustinec, Vladimir"]
[Black "Duran, Tomas"]
[Result "0-1"]
[WhiteElo "1996"]
[BlackElo "2175"]
[PlyCount "88"]
[EventDate "2012.10.14"]
[EventType "team-tourn"]
[EventRounds "11"]
[EventCountry "CZE"]
[SourceTitle "EXT 2015"]
[Source "ChessBase"]
[SourceDate "2014.11.20"]
[SourceVersion "1"]
[SourceVersionDate "2014.11.20"]
[SourceQuality "1"]
[WhiteTeam "Horice"]
[BlackTeam "Turnov Zikuda II"]
[WhiteTeamCountry "CZE"]
[BlackTeamCountry "CZE"]

1. e4 d6 2. d4 Nf6 3. Nc3 e5 4. dxe5 dxe5 5. Qxd8+ Kxd8 6. Bg5 Be6 7. 0-0-0+ Nbd7 8. f4 exf4 9. Nf3 Bb4 10. Nd5 Bxd5 11. e5 Bxf3 12. exf6 gxf6 13. Bxf6+ Ke8 14. Rxd7 Kxd7 15. Bxh8 Bd5 16. Bd4 Re8 17. c3 Bd6 18. Kd2 Bxa2 19. Be2 Bd5 20. Bg4+ Kc6 21. Bf3 Bxf3 22. gxf3 Rg8 23. Rf1 a6 24. Rf2 h5 25. Kd3 f5 26. Re2 Kd7 27. Bf6 Rg1 28. Bd4 Rg6 29. Bf2 b5 30. b3 a5 31. Bd4 c6 32. Ra2 Bc7 33. c4 h4 34. Bc3 b4 35. Bd4 h3 36. Rf2 Rg1 37. Ra2 Rb1 38. Rb2 Ra1 39. Re2 Ra3 40. Rb2 Bd6 41. c5 Be7 42. Be5 Bxc5 43. Bxf4 Bd6 44. Be3 a4 0-1

[Event "CZE-chT2B 1213"]
[Site "Czech Republic"]
[Date "2013.02.03"]
[Round "8.6"]
[White "Duran, Tomas"]
[Black "Nguyen, Thai Dai Van"]
[Result "1-0"]
[WhiteElo "2175"]
[BlackElo "2069"]
[PlyCount "59"]
[EventDate "2012.10.14"]
[EventType "team-tourn"]
[EventRounds "11"]
[EventCountry "CZE"]
[SourceTitle "EXT 2015"]
[Source "ChessBase"]
[SourceDate "2014.11.20"]
[SourceVersion "1"]
[SourceVersionDate "2014.11.20"]
[SourceQuality "1"]
[WhiteTeam "Turnov Zikuda II"]
[BlackTeam "Postovni sporitelna II"]
[WhiteTeamCountry "CZE"]
[BlackTeamCountry "CZE"]

1. e4 e5 2. Nf3 Nf6 3. Nc3 Bb4 4. Bc4 0-0 5. d3 d5 6. exd5 Nxd5 7. Bd2 Nxc3 8. bxc3 Bd6 9. h3 Nc6 10. a4 Qe8 11. Ng5 h6 12. Ne4 Kh8 13. Qh5 f5 14. Qxe8 Rxe8 15. Nxd6 cxd6 16. f4 exf4+ 17. Kf2 g5 18. h4 Kg7 19. hxg5 hxg5 20. Rh5 Kf6 21. Rh6+ Kg7 22. Rah1 Ne5 23. Rh7+ Kf8 24. Bd5 Bd7 25. d4 Nc6 26. Rh8+ Kg7 27. R1h7+ Kg6 28. Rh6+ Kg7 29. R8h7+ Kf8 30. Rf6# 1-0

[Event "CZE-chT2B 1213"]
[Site "Czech Republic"]
[Date "2012.11.04"]
[Round "2.6"]
[White "Duran, Tomas"]
[Black "Novotny, Jaroslav"]
[Result "1-0"]
[WhiteElo "2175"]
[BlackElo "2165"]
[PlyCount "21"]
[EventDate "2012.10.14"]
[EventType "team-tourn"]
[EventRounds "11"]
[EventCountry "CZE"]
[SourceTitle "EXT 2015"]
[Source "ChessBase"]
[SourceDate "2014.11.20"]
[SourceVersion "1"]
[SourceVersionDate "2014.11.20"]
[SourceQuality "1"]
[WhiteTeam "Turnov Zikuda II"]
[BlackTeam "Jicin II"]
[WhiteTeamCountry "CZE"]
[BlackTeamCountry "CZE"]

1. e4 c5 2. Nf3 e6 3. c3 d5 4. exd5 Qxd5 5. d4 Nf6 6. Be3 cxd4 7. cxd4 Bb4+ 8. Nc3 Bd7 9. a3 Bxc3+ 10. bxc3 Bb5 11. c4 1-0

[Event "CZE-chT2C 1112"]
[Site "Czech Republic"]
[Date "2012.03.25"]
[Round "10.6"]
[White "Duran, Tomas"]
[Black "Vaclavicek, Lukas"]
[Result "1-0"]
[WhiteElo "2188"]
[BlackElo "1842"]
[PlyCount "49"]
[EventDate "2011.10.09"]
[EventType "team-tourn"]
[EventRounds "11"]
[EventCountry "CZE"]
[SourceTitle "EXT 2013"]
[Source "ChessBase"]
[SourceDate "2012.11.22"]
[SourceVersion "1"]
[SourceVersionDate "2012.11.22"]
[SourceQuality "1"]
[WhiteTeam "Turnov Zikuda II"]
[BlackTeam "Liberec"]
[WhiteTeamCountry "CZE"]
[BlackTeamCountry "CZE"]

1. e4 c5 2. Nf3 d6 3. c3 Nf6 4. Be2 Nc6 5. d4 cxd4 6. cxd4 e6 7. Nc3 Be7 8. 0-0 0-0 9. h3 a6 10. a4 b6 11. Be3 d5 12. e5 Nd7 13. Rc1 Bb7 14. Bd3 Nb4 15. Bb1 Rc8 16. Qd2 b5 17. axb5 Nb6 18. Bg5 Nc4 19. Qf4 f5 20. exf6 Bxf6 21. Qg4 Qd6 22. Rfe1 Rce8 23. Bxf6 Rxf6 24. Bxh7+ Kf8 25. Bg6 1-0

[Event "CZE-chT2C 1011"]
[Site "Czech Republic"]
[Date "2011.04.10"]
[Round "11.4"]
[White "Husarik, Branko"]
[Black "Duran, Tomas"]
[Result "1/2-1/2"]
[WhiteElo "2176"]
[BlackElo "2215"]
[PlyCount "47"]
[EventDate "2010.10.17"]
[EventType "team-tourn"]
[EventRounds "11"]
[EventCountry "CZE"]
[SourceTitle "EXT 2012"]
[Source "ChessBase"]
[SourceDate "2011.11.24"]
[SourceVersion "1"]
[SourceVersionDate "2011.11.24"]
[SourceQuality "1"]
[WhiteTeam "Lysa nad Labem II"]
[BlackTeam "Turnov Zikuda II"]
[WhiteTeamCountry "CZE"]
[BlackTeamCountry "CZE"]

1. e4 d6 2. Nc3 Nf6 3. Be2 e5 4. Nf3 Be7 5. d4 Nbd7 6. 0-0 0-0 7. h3 c6 8. a4 a5 9. Be3 Qc7 10. Nd2 Re8 11. dxe5 dxe5 12. Nc4 Bc5 13. Qd3 Bf8 14. Bg5 h6 15. Bh4 g5 16. Bg3 Bc5 17. Qf3 Kg7 18. Nd1 Nf8 19. Nde3 Ng6 20. Nf5+ Bxf5 21. Qxf5 Nf4 22. Bxf4 gxf4 23. Rad1 Qe7 24. Kh2 1/2-1/2